| 000 | 01026nam a2200241 i 4500 | ||
|---|---|---|---|
| 001 | 88059 | ||
| 003 | ES-MaACL | ||
| 005 | 20231218203529.0 | ||
| 007 | t| | ||
| 008 | 050103s1957 sp co ||||1|dspa d | ||
| 080 | _a821.134.2-31"19" | ||
| 100 | 1 |
_aLaforet, Carmen, _d1921-2004 _969515 |
|
| 245 | 1 | 0 |
_aNovelas. _n1 / _cCarmen Laforet. |
| 250 | _a1ª ed. | ||
| 260 |
_aBarcelona : _bPlaneta, _c1957. |
||
| 300 |
_a1 v. (1343 p.) : _b1 retr. autora ; _c17 cm. |
||
| 490 | 1 | _aClásicos contemporáneos | |
| 500 | _aÍndice. | ||
| 505 | 8 | _aContiene: 1. Unas líneas de la autora (prólogo) ; Nada ; La muerta ; El veraneo ; La fotografía ; En la edad del pato ; Última noche ; Rosamunda ; Al colegio ; El regreso ; Un matrimonio ; El aguinaldo ; La isla y los demonios ; La llamada ; El último verano ; Un noviazgo ; El piano ; La niña ; Los emplazados ; El viaje divertido ; La mujer nueva | |
| 830 | 1 |
_aClásicos contemporáneos _9184051 |
|
| 852 | 4 |
_aES-MaACL _jP-231 _z- Enc. piel |
|
| 999 |
_c88059 _d88059 |
||